Name Dropping #26: “Super” Actors #1 - Statistics

General Stats
  • This quiz has been taken 80 times
  • The average score is 9 of 20
Answer Stats
Hint Extra Hint Answer % Correct
Arnold Film: Mr. Freeze in “Batman & Robin” (1997). Schwarzenegger
95%
Chris Film: Thor in “Thor” (2011); “The Avengers” (2012); “Thor: The Dark World” (2013); “Avengers: Age of Ultron” (2015); “Team Thor” (2016); “Doctor Strange” (2016); “Team Thor: Part 2” (2017); “Thor: Ragnarok” (2017); “Avengers: Infinity War” (2018); “Avengers: Endgame” (2019); “Thor: Love and Thunder” (2022). Hemsworth
87%
Tom Film: Loki in “Thor” (2011); “The Avengers” (2012); “Thor: The Dark World” (2013); “Thor: Ragnarok” (2017); “Avengers: Infinity War” (2018).

TV: Loki in “Loki” (12 episodes, 2021–2023, Disney+).
Hiddleston
84%
Chris Film: Human Torch in “Fantastic Four” (2005); “Fantastic Four: Rise of the Silver Surfer” (2007); “Deadpool & Wolverine” (2024). Captain America in “Captain America: The First Avenger” (2011); “The Avengers” (2012); “Captain America: The Winter Soldier” (2014); “Avengers: Age of Ultron” (2015); “Captain America: Civil War” (2016); “Spider-Man: Homecoming” (2017); “Avengers: Infinity War” (2018); “Avengers: Endgame” (2019). Evans
80%
Kevin Film: Lex Luthor in “Superman Returns” (2006). Spacey
75%
Aaron Film: Kick-Ass in “Kick-Ass” (2010); “Kick-Ass 2” (2013). Quicksilver in “Avengers: Age of Ultron“ (2015). Kraven the Hunter in “Kraven the Hunter” (2024). Taylor-Johnson
62%
Paul Film: Rhino in “The Amazing Spider-Man 2” (2014). Giamatti
60%
Cesar Film: Joker in “Batman” (1966).
TV: Joker in “Batman” (22 episodes, 1966–1968, ABC).
Romero
60%
Olga Film: Taskmaster in “Black Widow” (2021). Kurylenko
55%
Tenoch Film: Namor in “Black Panther: Wakanda Forever” (2022). Huerta Mejía
44%
Ben Film: Talos in “Captain Marvel” (2019). Mendelsohn
35%
Burt Film: Robin in “Batman” (1966).
TV: Robin in “Batman” (120 episodes, 1966-1968, ABC);
Ward
33%
John Film: Kingpin in “The Trial of the Incredible Hulk” (1989). Rhys-Davies
29%
Dylan Film: Lizard in “Spider-Man 2” (2004); “Spider-Man 3” (2007) Baker
27%
Cameron TV: Joker in “Gotham” (recurring role, 2014–2019, Fox) Monaghan
27%
John TV: Riddler in “Batman” (2 episodes, 1967–1968, ABC) Astin
22%
Lewis Film: Batman in “Batman” (1943 serial). Wilson
20%
Michael Film: Gentleman in “The Amazing Spider-Man” (2012); “The Amazing Spider-Man 2” (2014). Massee
18%
Bob TV: Owl in “Daredevil” (season 1, 2015-2016, Netflix) Gunton
13%
John TV: Lex Luthor in “Lois & Clark: The New Adventures of Superman” (25 episodes, 1993–1997, ABC) Shea
13%
No matching quizzes found
Score Distribution
Percent of People with Each Score
Percentile by Number Answered
Your Score History
You have not taken this quiz